000 00243nam a22001097a 4500
100 _aPariwallee,Bejan
245 _aYour Compelete fore cast 2015 horoscope
250 _a2014
260 _bRanvir Books Pub.
300 _a526
942 _2ddc
_cBK
999 _c12801
_d12801